Normal view
MARC view
Entry Personal Name
001 - CONTROL NUMBER
- control field: 32145
003 - CONTROL NUMBER IDENTIFIER
- control field: dpl
005 - DATE AND TIME OF LATEST TRANSACTION
- control field: 20110809164624.0
008 - FIXED-LENGTH DATA ELEMENTS
- fixed length control field: 110809|||a|||||| | ||| d
040 ## - CATALOGING SOURCE
- Original cataloging agency: dpl
- Transcribing agency: dpl
100 ## - HEADING--PERSONAL NAME
- Personal name: Roy, Arundhati
670 ## - SOURCE DATA FOUND
- Source citation: Work cat.: (dpl)25818: Roy, Arundhati, The God of small things /, 2002
670 ## - SOURCE DATA FOUND
- Source citation: Work cat.: (dpl)25818: Roy, Arundhati, The God of small things /, 2002
